INDIVIDUAL FINANCIAL PLANNING FOR RETIRE (Record no. 20121)
[ view plain ]
| 000 -LEADER | |
|---|---|
| fixed length control field | 00361nam a2200133Ia 4500 |
| 008 - FIXED-LENGTH DATA ELEMENTS--GENERAL INFORMATION | |
| fixed length control field | 240624s9999 xx 000 0 und d |
| 041 ## - LANGUAGE CODE | |
| Language code of text/sound track or separate title | eng |
| 082 ## - DEWEY DECIMAL CLASSIFICATION NUMBER | |
| Classification number | 332.024 BRU |
| 100 ## - MAIN ENTRY--PERSONAL NAME | |
| Personal name | BRUNHART NICOLE |
| 245 ## - TITLE STATEMENT | |
| Title | INDIVIDUAL FINANCIAL PLANNING FOR RETIRE |
| 260 ## - PUBLICATION, DISTRIBUTION, ETC. | |
| Date of publication, distribution, etc. | 2008 |
| Place of publication, distribution, etc. | Switzerland |
| Name of publisher, distributor, etc. | Physica-Verlag |
| 300 ## - PHYSICAL DESCRIPTION | |
| Extent | xx, : 441 : p. : cm. ; 24 |
| 365 ## - TRADE PRICE | |
| Currency code | ERU |
| Price amount | 26 |
| Withdrawn status | Lost status | Damaged status | Not for loan | Home library | Current library | Shelving location | Date acquired | Source of acquisition | Cost, normal purchase price | Full call number | Barcode | Date last seen | Copy number | Price effective from | Koha item type |
|---|---|---|---|---|---|---|---|---|---|---|---|---|---|---|---|
| IMTN | IMTN | Rack 9-A | 10/09/2012 | TB | 134.95 | 332.024 BRU | 20121 | 06/24/2024 | 72.9 | 06/24/2024 | Books |